Bir siyasetçinin siyaset kronolojisi (Record no. 8418)

MARC details
000 -BAŞLIK
Sabit Uzunlukta Kontrol Alanı 01007na a2200289 4500
001 - KONTROL NUMARASI
Denetim Alanı 14836
003 - KONTROL NUMARASI IDENTIFIER
Denetim Alanı MIRAKIL
005 - SON İŞLEM TARİHİ VE ZAMANI
Denetim Alanı 20181213155211.0
008 - SABİT-BOY VERİ ELEMANLARI - GENEL BİLGİLER
Sabit Uzunlukta Kontrol Alanı 160918b tu 000 0
020 ## - ULUSLARARASI STANDART KİTAP NUMARASI
Uluslararası Standart Kitap Numarası 9786056454004
035 ## - SİSTEM KONTROL NUMARASI
Sistem Kontrol Numarası 14836
040 ## - KATALOGLAMA KAYNAK
Orijinal Kataloglama Ajansı Milas
Kataloglama Dili tur
Metne Dönüştürmek Ajansı TR-AnCHP
082 ## - DEWEY ONLU SINIFLANDIRMA NUMARASI
Sınıflandırma Numarası CHP 324.2172
Ürün Numarası G96 2014
090 ## - SINIFLAMA NUMARASI
Sınıflama Numarası CHP 324.2172 G96 2014
130 ## - ANA GİRİŞ - ÜNİFORM BAŞLIK
Üniforma Başlık Gürsel Tekin ne dedi?
245 ## - BAŞLIK TABLOSU
Başlık Bir siyasetçinin siyaset kronolojisi
Başlığın Kalan 2013 : Gürsel Tekin ne dedi?
Sorumluluk Tablosu, Vb araştıran ve hazırlayan Yeşim Özbirinci
250 ## - EDITION TABLOSU
Baskı Beyanı 2. bs.
260 ## - YAYIN, DAĞITIM, VB
Yayın, Dağıtım, Vb Yeri İstanbul
Yayıncı, Dağıtıcı, Vs Adı Odak internet teknolojileri ve iletişim hizmetleri
Yayın, Dağıtım, Vb Tarihi 2013
300 ## - FİZİKSEL TANIM
Kapsam 136 s.
Diğer Fiziksel Ayrıntıları res.
Boyutlar 20 sm.
504 ## - KAYNAKÇA VB NOT
Kaynakça Vb Notu Dizin var.
600 ## - KONU KATMA GİRİŞ - KURUMSAL ADI
Kişisel Ad Tekin, Gürsel
Başlıklar Ve Bir Adla İlişkili Diğer Kelimeler CHP Milletvekili
Genel Alt Bölümü Söylev ve demeçler
Kronolojik Alt Bölümü Kronoloji
610 ## - KONU KATMA GİRİŞ - TOPLANTI ADI
Giriş Elemanı Olarak Kurumsal Ad Veya Yargı Alanı Adı CHP
Genel Alt Bölüm Milletvekilleri
Kronolojik Alt Bölüm Söylev ve demeçler
650 ## - KONU KATMA GİRİŞ - TOPİKAL DÖNEM
Topikal Süreli Veya Coğrafi Ad Giriş Elemanı Türk siyasetçiler
Genel Alt Bölümü Söylev ve demeçler
Kronolojik Alt Bölümü Kronoloji
651 ## - KONU KATMA GİRİŞ - COĞRAFİ ADI
Coğrafi İsim Türkiye
Genel Alt Bölümü Siyaset ve yönetim
Kronolojik Alt Bölümü Kronoloji
700 ## - KATMA GİRİŞ - KİŞİSEL İSİM
Kişisel Ad Özbirinci,Yeşim
942 ## - EKLENDİ GİRİŞ ELEMANLARI (KOHA)
Sınıflandırma Veya Raf Düzeni Kaynak Dewey Decimal Classification
Koha Öğesi Türü Books
999 ## - SİSTEM KONTROL NUMARALARI (KOHA)
Koha Biblionumber 8418
Koha Biblioitemnumber 8418
Holdings
Kalıcı Konum Mevcut Konum Edinme Tarihi Edinim Kaynak Toplam Check-Out'Lar Tam Çağrı Numarası Barkod Tarih Son Görülme İtibaren Geçerli Fiyatlar Koha Öğesi Türü Kopya Sayısı
CHP Kütüphanesi CHP Kütüphanesi 09/01/2016 Bağış   CHP 324.2172 G96 2014 003176 09/01/2016 09/01/2016 Books  
CHP Kütüphanesi CHP Kütüphanesi 09/01/2016 Bağış   CHP 324.2172 G96 2014 003177 09/01/2016 09/01/2016 Books k.2
CHP Kütüphanesi CHP Kütüphanesi 09/01/2016 Bağış   CHP 324.2172 G96 2014 003178 09/01/2016 09/01/2016 Books k.3
CHP Kütüphanesi CHP Kütüphanesi 09/05/2016 Bağış   CHP 324.2172 G96 2014 004566 09/05/2016 09/05/2016 Books k.4
CHP Kütüphanesi CHP Kütüphanesi 09/05/2016 Bağış   CHP 324.2172 G96 2014 004567 09/05/2016 09/05/2016 Books k.5
CHP Kütüphanesi CHP Kütüphanesi 09/05/2016 Bağış   CHP 324.2172 G96 2014 004568 09/05/2016 09/05/2016 Books k.6
CHP Kütüphanesi CHP Kütüphanesi 09/05/2016 Bağış   CHP 324.2172 G96 2014 004569 09/05/2016 09/05/2016 Books k.7
CHP Kütüphanesi CHP Kütüphanesi 09/05/2016 Bağış   CHP 324.2172 G96 2014 004570 09/05/2016 09/05/2016 Books k.8
CHP Kütüphanesi CHP Kütüphanesi 09/05/2016 Bağış   CHP 324.2172 G96 2014 004571 09/05/2016 09/05/2016 Books k.9